header

Tulalip, from my heart (Record no. 115969)

MARC details
000 -LEADER
fixed length control field 01872nam a2200409 a 4500
082 04 - DEWEY DECIMAL CLASSIFICATION NUMBER
Classification number 979.7/7100497940092
-- B
100 1# - MAIN ENTRY--AUTHOR NAME
Personal name Dover, Harriette Shelton,
245 10 - TITLE STATEMENT
Title Tulalip, from my heart
260 ## - PUBLICATION, DISTRIBUTION, ETC. (IMPRINT)
Place of publication Seattle :
Name of publisher University of Washington Press,
Year of publication 2014.
300 ## - PHYSICAL DESCRIPTION
Number of Pages xxxiv, 307 p. :
Other physical details ill.
650 #0 - SUBJECT ADDED ENTRY--TOPICAL TERM
Topical Term Tulalip Indians
Topical Term Indian women
700 1# - ADDED ENTRY--PERSONAL NAME
Personal name Fitzpatrick, Darleen.
Personal name Williams, Wayne.
856 40 - ELECTRONIC LOCATION AND ACCESS
Uniform Resource Identifier http://site.ebrary.com/lib/rucke/Doc?id=10752425

No items available.

© 2026 Rongo University
Contact us: librarian | system librarian | Rongo university